000 00697nam a2200229Ia 4500
003 OSt
005 20220923221605.0
006 a|||||r|||| 00| 0
007 ta
008 220922b |||||||| |||| 00| 0 hin d
024 _a198,358
037 _cTextual
040 _aARTS
_cARTS
_bhin
041 _2hin
_ahin
082 _aP152:2, K6
100 _aअम्बाप्रसाद
_9156945
245 0 _aहिन्दी और उसकी उपभाषाओं का स्वरुप
246 _aHindī aur usakī upabhāṣhāoan kā svarupa
260 _c1966
942 _hP152:2, K6
_cTEXL
_2CC
999 _c350204
_d350204